Spanisch U1 Sueños y esperanzas - Statistiken

Allgemein
  • Dieses Quiz wurde 43 mal gespielt
  • Das Durchschnittsergebnis liegt bei 18 aus 46
Antwortstatistiken
Deutsch Spanisch % Korrekt
der/ die Rechtsanwält/in el/la abogado/-a
100%
der/ die Pilot/in el/la piloto
100%
der/ die Tennisspieler/in el/la tenista
100%
der Traum el sueño
81%
das Flugzeug el avión
77%
das Thema el tema
77%
die Droge la droga
77%
der Alkohol el alcohol
73%
Hoffnung la esperanza
73%
bestimmt determinado/-a
69%
gesetzlich, legal legal
65%
der Himmel el cielo
62%
hier: der Traum (die Illusion) la ilusión
62%
Bolivien Bolivia
58%
der Podcast el podcast
58%
die Gewalt la violencia
58%
die Hoffnung verlieren perder la esperanza
54%
der Wert el valor
50%
ausreichend suficiente
46%
die Gesellschaft la sociedad
42%
die Erlaubnis el permiso
31%
im Allgemeinen en general
31%
etw. erfüllen, verwirklichen realizar algo
31%
variiren variar
31%
das Internat el internado
23%
(jdn) heiraten casarse (con alguien)
19%
als Erwachsene/r de mayor
19%
der Führerschein el carné de conducir
19%
der Prozentsatz, hier: der Anteil el porcentaje
19%
etw. erlangen, erhalten obtener algo
19%
Recht auf etw. haben tener derecho a algo
19%
ungefähr aproximadamente
15%
das Stipendium la beca
15%
die Infografik la infografía
15%
hier: etw ausmachen, repräsentieren representar algo
15%
die Sendung el programa
12%
Zahl Prozent número por ciento (%)
12%
weder...noch... (no)...ni...ni...
12%
volljährig sein ser mayor de edad
12%
(für etw./jdn wählen) votar (a algo/alguien)
12%
ab a partir de
8%
da comp
8%
etw. bestätigen comprobar algo
8%
der Preis el percio
8%
hier: die Lebensbedingung la condicuón
4%
sich in etw. einschreiben Universität matricularse en algo
0%
Keine übereinstimmenden Quizze gefunden
Verteilung der Resultate
Anzahl Personen mit jedem Resultat
Perzentil nach korrekt beantworteten Fragen
Ihre Resultats-Entwicklung
Sie haben dieses Quiz noch nicht gespielt